Statistics for Movies by Haiku #2

Click here to take the quiz!

General Stats

  • This quiz has been taken 22,373 times
  • The average score is 10 of 17

Answer Stats

YearHaikuMovie% Correct
2000Stuck on an island, a volleyball named Wilson, can be a best friendCast Away
84%
2003/4A bride in yellow, with kung-fu skills can murder, assassin leaderKill Bill
78%
1999Making human soap, beat each other into pulp, destroy credit cardsFight Club
75%
2004Girls who wear pink clothes, in a nasty plastic clique, recruit new studentMean Girls
75%
1985Shermer high students, can make friends from other cliques, stuck in detentionThe Breakfast Club
75%
1942Morocco cafe, resist the evil Nazis, beautiful friendshipCasablanca
72%
1996Wes Craven horror, teenage boys in scary masks, kill Drew BarrymoreScream
68%
2002Teenage con artist, pretends to be a pilot, caught by FBICatch Me If You Can
67%
2002Deadly video, evil girl is stuck in well, share it with your friendsThe Ring
67%
2000Just another guy, crazy serial killer, working on Wall StreetAmerican Psycho
61%
1984In small Christian town, dancing is against the law, revolution promFootloose
59%
2001Modern pop music, can-can dancing in Paris, tuberculosisMoulin Rouge!
51%
1987Home for Thanksgiving, with many modes of transit, irksome John CandyPlanes, Trains &
Automobiles
46%
1993Framed for a murder, jumping off a waterfall, find the one-armed manThe Fugitive
46%
2002Great Britain virus, creates fast-moving zombies, kills the whole country28 Days Later
40%
2004Portal to Hades, a horny superhero, comes to save the worldHellboy
23%
1999PC load letter, steal a fraction of a cent, federal prisonOffice Space
21%

Score Distribution

Percentile by Number Answered

Percent of People with Each Score

Your Score History

You have not taken this quiz